Every New-Zealand player in Rugby World Cup 2023 - Statistics

General Stats
  • This quiz has been taken 79 times
  • The average score is 24 of 34
Answer Stats
Caps Position Franchise/province Answer % Correct
116 Fly-half Blues / Taranaki Beauden Barrett
100%
119 Scrum-half Highlanders / Manawatu Aaron Smith
97%
52 Centre Hurricanes / Taranaki Jordie Barrett
97%
62 Lock Crusaders / Taranaki Scott Barrett
97%
90 Loose forward Chiefs / Bay of Plenty Sam Cane
95%
63 Centre Blues / Auckland Rieko Ioane
92%
146 Lock Crusaders / Canterburry Sam Whitelock
92%
75 Loose forward Hurricanes / Wellington Ardie Savea
90%
42 Fly-half Chiefs / Waikato Damian McKenzie
90%
25 Fullback Crusaders / Tasman Will Jordan
90%
103 Lock Chiefs / Hawke's Bay Brodie Retallick
87%
87 Hooker Hurricanes / Wellington Dane Coles
87%
49 Fly-half Crusaders / Canterbury Richie Mo'unga
85%
79 Hooker Crusaders / Canterburry Codie Taylor
82%
17 Scrum-half Blues / Tasman Finlay Christie
82%
5 Wing Blues / North Harbour Mark Telea
82%
63 Centre Chiefs / Waikato Anton Lienert-Brown
79%
2 Scrum-half Hurricanes / Counties Manukau Cam Roigard
72%
26 Loose forward Blues / Counties Manukau Dalton Papalii
69%
17 Prop Highlanders / Southland Ethan de Groot
69%
3 Prop Crusaders / Canterbury Tamaiti Williams
67%
28 Loose forward Highlanders / Tasman Shannon Frizell
62%
27 Prop Hurricanes / Tasman Tyrel Lomax
62%
18 Wing Blues / Auckland Caleb Clarke
59%
25 Centre Crusaders / Tasman David Havili
56%
22 Lock Chiefs / Taranaki Tupou Vaa'i
56%
8 Prop Crusaders / Canterbury Fletcher Newell
46%
25 Hooker Chiefs / Waikato Samisoni Taukei'aho
46%
53 Prop Blues / Northland Ofa Tu'ungafasi
44%
3 Wing Crusaders / Tasman Leicester Fainga'anuku
41%
49 Prop Blues / Counties Manukau Nepo Laulala
41%
15 Loose forward Chiefs / Waikato Luke Jacobson
36%
1 Wing Chiefs / Bay of Plenty Emoni Narawa
31%
9 Loose forward Crusaders / Tasman Ethan Blackadder
31%
No matching quizzes found
Score Distribution
Percent of People with Each Score
Percentile by Number Answered
Your Score History
You have not taken this quiz